| 000 | 00636cab a2200253 4500 | ||
|---|---|---|---|
| 001 | X2880 | ||
| 008 | 090401t1995 xxu||||| |||| 00| 0 eng d | ||
| 035 | _a(Sirsi) u27027 | ||
| 041 | _aeng | ||
| 100 | _aStewart, A. | ||
| 245 | _aShaken not stirred | ||
| 260 | _c1995 | ||
| 350 | _a0 | ||
| 490 |
_aBuilding _vCCLX(49) 8 December 1995, 42-46(5) |
||
| 650 | _aCITY HALL | ||
| 650 | _aEARTHQUAKE DAMAGE | ||
| 650 | _aREINFORCEMENT | ||
| 650 | _aRETROFITTING | ||
| 650 | _aSAN FRANCISCO | ||
| 690 |
_aRefurbishment _96264 |
||
| 690 | _aBUILDING AND CONSTRUCTION-REPAIRS AND MAINTENANCE | ||
| 942 | _n0 | ||
| 948 | _c04/03/1997 | ||
| 999 |
_c18205 _d18205 |
||